| 000 | 00492nam a22001697a 4500 | ||
|---|---|---|---|
| 003 | BD-ChCU | ||
| 005 | 20260408085050.0 | ||
| 008 | 260408b bg ||||| |||| 00| 0 ben d | ||
| 040 | _cBD-ChCU | ||
| 082 | _a330.18 THEC | ||
| 100 |
_aThompson , Arthur A. _921320 |
||
| 245 |
_aEconomics of the firm : _bTheory and practice ./ _cArthur A. Thompson . |
||
| 260 |
_aNew Jersey : _bPrentice -Hill , _cC 1973 |
||
| 300 | _axvi , 591p. | ||
| 650 | 0 |
_aMicroeconomics ./ _921321 |
|
| 942 |
_2ddc _cBK _n0 |
||
| 999 |
_c112122 _d112122 |
||